Statystyki dla Postacie z gier po zdjęciu

Kliknij tutaj aby rozwiązać quiz!

Ogólne statystyki

  • Ten quiz został rozwiązany 266 razy
  • Średni wynik to 10 z 20

Statystyki odpowiedzi

Odpowiedź% Poprawnych
Mario
99%
Pac Man
91%
Sonic
90%
Lara Croft
78%
Kratos
77%
Geralt z Rivii
70%
Sub Zero
62%
Nathan Drake
55%
Agent 47
53%
Crash Bandicoot
47%
Ratchet
47%
Ash Ketchum
39%
Gordon Freeman
30%
Master Chief
29%
Sackboy
24%
Dante
18%
Joel
18%
Jill Valentine
15%
Solid Snake
14%
Cloud Strife
6%

Rozkład punktacji

Percentyl według liczby udzielonych odpowiedzi

Procent ludzi z każdym wynikiem

Twoja historia wyników

Nie rozwiązałeś tego quizu